| 000 | 00317nam a22001337a 4500 | ||
|---|---|---|---|
| 020 | _qHB. | ||
| 040 | _cFIZZA ISHAQ | ||
| 082 |
_a005.1 _bCAR |
||
| 100 |
_aBRITTON, CAROL. _989264 |
||
| 245 |
_aOBJECT ORIENTED SYSTEM / _cCARIL BRITTON. |
||
| 260 |
_bPRINSTICE HALL, _c1991. |
||
| 300 | _a197 P. ; | ||
| 942 |
_2ddc _cBK |
||
| 999 |
_c588069 _d588069 |
||